MARC details
| 000 -LEADER |
| fixed length control field |
01281nam a2200373 a 4500 |
| 001 - CONTROL NUMBER |
| control field |
vtls002004295 |
| 003 - CONTROL NUMBER IDENTIFIER |
| control field |
NLI |
| 005 - DATE AND TIME OF LATEST TRANSACTION |
| control field |
20210627043914.0 |
| 008 - FIXED-LENGTH DATA ELEMENTS--GENERAL INFORMATION |
| fixed length control field |
180613s2012 pl a g 000 0 eng d |
| 020 ## - INTERNATIONAL STANDARD BOOK NUMBER |
| International Standard Book Number |
9788377805831 (pbk.) |
| 039 #9 - LEVEL OF BIBLIOGRAPHIC CONTROL AND CODING DETAIL [OBSOLETE] |
| Level of rules in bibliographic description |
201911181804 |
| Level of effort used to assign nonsubject heading access points |
Pravinbp |
| Level of effort used to assign subject headings |
201806131409 |
| Level of effort used to assign classification |
atanum |
| Level of effort used to assign subject headings |
201806131407 |
| Level of effort used to assign classification |
atanum |
| -- |
201806131406 |
| -- |
atanum |
| 040 ## - CATALOGING SOURCE |
| Original cataloging agency |
NLI |
| Language of cataloging |
eng |
| 041 0# - LANGUAGE CODE |
| Language code of text/sound track or separate title |
eng |
| Language code of original |
chi |
| 044 ## - COUNTRY OF PUBLISHING/PRODUCING ENTITY CODE |
| MARC country code |
pl |
| 082 04 - DEWEY DECIMAL CLASSIFICATION NUMBER |
| Classification number |
509.51 |
| Edition number |
23 |
| 100 1# - MAIN ENTRY--PERSONAL NAME |
| Personal name |
Ke Zineng |
| 9 (RLIN) |
725742 |
| 245 10 - TITLE STATEMENT |
| Title |
Chinese science and technology/ |
| Statement of responsibility, etc. |
Ke Zineng, Xu Fei; translated by Chen Tian |
| 260 ## - PUBLICATION, DISTRIBUTION, ETC. |
| Place of publication, distribution, etc. |
Poland : |
| Name of publisher, distributor, etc. |
Wydawnictwo Adam Marszalek , |
| Date of publication, distribution, etc. |
2012 |
| 300 ## - PHYSICAL DESCRIPTION |
| Extent |
213 p. : |
| Other physical details |
ill. ; |
| Dimensions |
23 cm. |
| 440 #0 - SERIES STATEMENT/ADDED ENTRY--TITLE |
| Title |
Series of the essence of Chinese culture |
| 9 (RLIN) |
725743 |
| 650 #0 - SUBJECT ADDED ENTRY--TOPICAL TERM |
| Topical term or geographic name entry element |
Science |
| Geographic subdivision |
China |
| General subdivision |
History |
| 9 (RLIN) |
685220 |
| 650 #0 - SUBJECT ADDED ENTRY--TOPICAL TERM |
| Topical term or geographic name entry element |
Technology |
| Geographic subdivision |
China |
| General subdivision |
History |
| 9 (RLIN) |
685221 |
| 700 1# - ADDED ENTRY--PERSONAL NAME |
| Personal name |
Xu Fei |
| 9 (RLIN) |
725744 |
| 700 1# - ADDED ENTRY--PERSONAL NAME |
| Personal name |
Chen Tian, |
| Relationship |
trl |
| 9 (RLIN) |
725745 |
| 887 ## - NON-MARC INFORMATION FIELD |
| Content of non-MARC field |
Atanu Mitra Pravinbp1 |
| 901 ## - LOCAL DATA ELEMENT A, LDA (RLIN) |
| a |
G44720 : |
| b |
13.03.2016 |
| 902 ## - LOCAL DATA ELEMENT B, LDB (RLIN) |
| a |
E 509.51 K 19 c |
| 904 ## - LOCAL DATA ELEMENT D, LDD (RLIN) |
| a |
Atanu Mitra |
| 905 ## - LOCAL DATA ELEMENT E, LDE (RLIN) |
| a |
Pravinbp1 |
| 949 ## - LOCAL PROCESSING INFORMATION (OCLC) |
| -- |
VIRTUAITEM |
| -- |
10000 |
| -- |
100 |
| 6 |
GIF000044720ENG |
| 942 ## - ADDED ENTRY ELEMENTS (KOHA) |
| Source of classification or shelving scheme |
Dewey Decimal Classification |
| Koha item type |
Books |